|
|
|
|
| LEADER |
00000nab a2200000 a 4500 |
| 001 |
vtls009177912 |
| 003 |
SK-MaSNL |
| 005 |
20260304182539.0 |
| 008 |
250507c2006 xo ||||||o |||| b|slo |
| 015 |
|
|
|a SNBRA2008/01
|2 snkbucl
|
| 035 |
|
|
|a urn:nbn:sk:snk-ab7r0e
|
| 035 |
|
|
|a (urnnbn)urn:nbn:sk:snk:ar-00269m
|
| 035 |
|
|
|a (uuid)47281227-4769-4cdc-a497-7a60d005f2ea
|
| 038 |
|
|
|a SNKBUCL
|
| 040 |
|
|
|a SNKBUCL
|b slo
|c SNKBUCL
|e AACR2
|
| 041 |
0 |
|
|a slo
|
| 044 |
|
|
|a xo
|c SK
|
| 080 |
|
|
|a 94(100)"1914/1918":355.48
|x (048)
|2 1997
|
| 080 |
|
|
|a 94(4)"1914/1918":355.48
|x (048)
|2 1997
|
| 080 |
|
|
|a 355.48
|x "1914/1918"
|x (048)
|2 1997
|
| 080 |
|
|
|a 94(437.6)
|x "1920"
|x (048)
|2 1997
|
| 080 |
|
|
|a 94(439)
|x "1920"
|x (048)
|2 1997
|
| 080 |
|
|
|a 341.382
|x "1914/1918"
|x (048)
|2 1997
|
| 100 |
1 |
|
|a Dončová, Angelika
|4 aut
|9 538312
|
| 245 |
1 |
0 |
|a Romsics, Ignác: Trianonská mierová zmluva ...
|c Angelika Dončová
|
| 630 |
0 |
7 |
|a Treaty of Peace between the Allied and Associated Powers and Hungary (1920 jún 4.)
|2 snkbucl
|9 189441
|
| 648 |
|
7 |
|a 1914-1918
|2 snkbucl
|9 289143
|
| 648 |
|
7 |
|a 20. stor., 2. desaťročie
|2 snkbucl
|9 771013
|
| 648 |
|
7 |
|a 1920
|2 snkbucl
|9 288264
|
| 650 |
0 |
7 |
|a prvá svetová vojna (1914-1918)
|2 snkbucl
|9 162650
|
| 651 |
|
7 |
|a Maďarsko
|x dejiny
|2 snkbucl
|9 18630
|
| 651 |
|
7 |
|a Slovensko
|x dejiny
|2 snkbucl
|9 13278
|
| 655 |
|
7 |
|a recenzie
|2 snkbucl
|9 21907
|
| 773 |
0 |
|
|t Acta historica Neosoliensia. Tomus 9
|d Banská Bystrica : Katedra histórie Fakulty humanitných vied Univerzity Mateja Bela, 2006
|g S. 408-409
|x 1336-9148
|
| 787 |
0 |
8 |
|i Rec.:
|a Romsics, Ignác, 1951-
|t Trianonská mierová zmluva
|d Bratislava : Kalligram, 2006
|z 8071498289
|
| 850 |
|
|
|a Slovenská národná knižnica
|
| 852 |
|
|
|a Slovenská národná knižnica
|
| 954 |
|
|
|a odborná, vedecká literatúra pôvodná (slovenská)
|2 lita
|
| 958 |
|
|
|a article9
|
| 958 |
|
|
|a OND
|
| 958 |
|
|
|a HU
|
| 958 |
|
|
|a RC
|
| 958 |
|
|
|a EUIPO
|
| 999 |
|
|
|c 3029921
|d 3031851
|